Espaą y su organizacin̤ territorial Antecedentes, surgimiento, evolucin̤, problemas y propuestas /

Bibliographic Details
Main Author: Rebollo Delgado, Lucrecio
Format: eBook
Language:Spanish
Published: Madrid: Dykinson, 2018
Subjects:
Online Access:Acceso restringido

MARC

LEADER 00000nam a22000007a 4500
005 20181029120731.0
007 cr|||| ||||
008 181029s2018 es |||||s|||| 00||0 spa d
020 |a 978-84-9148-715-9 
035 |a 21993 
040 |a vLex 
090 |c 8208  |d 8208 
100 1 |a Rebollo Delgado, Lucrecio 
245 1 0 |a Espaą y su organizacin̤ territorial  |h [Recurso electrn̤ico] :  |b Antecedentes, surgimiento, evolucin̤, problemas y propuestas /  |c Lucrecio Rebollo Delgado 
256 |a Servicio en ln̕ea 
260 |a Madrid:  |b Dykinson,  |c 2018 
300 |a 1 recurso electrn̤ico 
500 |a La organizacin̤ territorial del poder polt̕ico en Espaą ha sido, y sigue siendo, uno de los asuntos troncales, tanto desde la perspectiva polt̕ica, como jurd̕ica, a la vez que materia esencial del Derecho Constitucional. El modelo de Estado autonm̤ico establecido por la Constitucin̤ de 1978 presenta hoy graves deficiencias que requieren una decidida actuacin̤ jurd̕ica e irremediablemente un acuerdo polt̕ico duradero en el tiempo. Despuš de cuarenta aǫs de vigencia democrt̀ica en nuestro pas̕, existe perspectiva suficiente para realizar una valoracin̤ doctrinal de lo que ha supuesto la descentralizacin̤ territorial, y para poner de manifiesto sus deficiencias. El objetivo de esta obra es el estudio de las cuestiones ms̀ relevantes del Estado autonm̤ico, a la vez que aportar soluciones t︢iles para su adaptacin̤ a las nuevas necesidades. 
506 1 |a Disponible solo en los productos indicados  |d vLex Global  |d vLex Global (Academic Edition, excluding Law Schools)  |d vLex Global (U.S. Academic Edition, Law Schools)  |d vLex Global (U.S. Academic Edition, excluding Law Schools)  |d vLex Global (Academic Edition, Law Schools) 
650 0 4 |a Derecho Pb︢lico y Administrativo  |z Espaą 
650 0 4 |a Derecho Constitucional  |z Espaą 
740 0 |a vLex Libros (Servicio en ln̕ea) 
856 4 0 |u http://vlex.com/source/espa-a-y-su-organizacion-territorial-antecedentes-surgimiento-evolucion-problemas-y-propuestas-21993  |z Acceso restringido 
942 |c BOOK 
999 0 |a Public and Administrative Law 
999 0 |a Constitutional Law